Dwarfs in the Hobbit - Statistics

General Stats
  • This quiz has been taken 12 times
  • The average score is 10 of 13
Answer Stats
Hint Answer % Correct
Fili
100%
Kili
100%
Thorin
100%
Balin
80%
Bombur
80%
Dwalin
80%
Gloin
80%
Nori
80%
Oin
80%
Bifur
60%
Bofur
60%
Dori
60%
Ori
60%
No matching quizzes found
Score Distribution
Percent of People with Each Score
Percentile by Number Answered
Your Score History
You have not taken this quiz